000
00323 a2200145 4500
001
166984
020
_a
040
_c
Magnum
100
_a
Kohan, Walter Omar
240
1
0
_a
Filosofia na escola publica - v.5
_l
por
245
1
0
_a
Filosofia na escola publica - v.5
362
0
_a
1899
697
_a
FILOSOFIA
942
_c
BK
999
_c
166984
_d
166984